Acercamiento socio-antropológico al concepto de estilo de vida (Record no. 177628)

MARC details
000 -CABECERA
campo de control de longitud fija 01683nab a2200253 a 4500
005 - FECHA Y HORA DE LA ÚLTIMA TRANSACCIÓN
campo de control 20260303124808.0
008 - ELEMENTOS DE LONGITUD FIJA--INFORMACIÓN GENERAL
campo de control de longitud fija 991125c2015 sp qr p o 000 0 spa d
035 ## - NÚMERO DE CONTROL DEL SISTEMA
Número de control de sistema UPN01000205527
040 ## - FUENTE DE LA CATALOGACIÓN
Centro catalogador/agencia de origen MX-MxUPN
Lengua de catalogación spa
Centro/agencia transcriptor MX-MxUPN
Normas de descripción aacr2
049 ## - COLECCIÓN
Colección ART-E
100 1# - ASIENTO PRINCIPAL--NOMBRE PERSONAL
Nombre de persona Dumont, Guillaume
100 1# - ASIENTO PRINCIPAL--NOMBRE PERSONAL
Nombre de persona Clua García, Rafael
245 10 - MENCIÓN DE TÍTULO
Título Acercamiento socio-antropológico al concepto de estilo de vida
506 0# - NOTA DE RESTRICCIONES AL ACCESO
Limitaciones de acceso Acceso abierto
520 3# - NOTA DE RESUMEN, ETC.
Sumario, etc. En este artículo desarrollamos un acercamiento socio-antropológico al concepto de “estilo de vida” proponiendo una definición operativa del mismo. En efecto, debido a la abundancia de definiciones y a una gran diversidad en los usos de esta noción, es necesario replantearse su valor analítico para las ciencias sociales. Después de una revisión de la literatura, detallamos las distintas dimensiones del concepto y lo definimos a través de los procesos de negociación entre estructura social y disposiciones, tanto individuales como colectivas. Utilizamos teoría socio-antropológica que pone en práctica diferentes acercamientos al concepto, lo ejemplificamos con un análisis sintético de una investigación sociológica en el campo del consumo de drogas. Sobre la base de este análisis, concluimos proponiendo una definición abierta del concepto de estilo de vida.
650 #2 - ASIENTO SECUNDARIO DE MATERIA - TERMINO TEMATICO
Término de materia o nombre geográfico como elemento de entrada Estilo de vida
9 (RLIN) 10712
653 0# - TERMINO DE INDIZACION - NO CONTROLADO
Término no controlado Subcultura
653 0# - TERMINO DE INDIZACION - NO CONTROLADO
Término no controlado Consumo de drogas
773 ## - ENLACE AL DOCUMENTO FUENTE/ENTRADA DE REGISTRO ANFITRIÓN
Parte(s) relacionada(s) No. 66 (2015), p. 83-99
Título Aposta : revista de ciencias sociales
Número Internacional Normalizado para Publicaciones Seriadas 1696-7348
856 4# - LOCALIZACIÓN Y ACCESO ELECTRÓNICOS
Identificador Uniforme del Recurso <a href="https://www.apostadigital.com/revistav3/hemeroteca/dumont1.pdf">https://www.apostadigital.com/revistav3/hemeroteca/dumont1.pdf</a>
902 ## - ELEMENTOS DE DATOS B LOCAL, LDB (RLIN)
Creó Gloria Jiménez/030326
905 ## - TIPO DE MATERIAL
Tipo de material Articulo
942 ## - ELEMENTOS DE PUNTO DE ACCESO ADICIONAL (KOHA)
Tipo de ítem Koha Artículo Electrónico
Holdings
Estado de retiro Estado de pérdida Estado dañado No para préstamo Código de colección Localización permanente Ubicación/localización actual Ubicación en estantería Fecha de adquisición Total de préstamos Fecha visto por última vez Identificador Uniforme del Recurso Precio válido a partir de Tipo de ítem Koha
        Acceso abierto Bib. Gregorio Torres Quintero Bib. Gregorio Torres Quintero En línea 03/03/2026   03/03/2026 https://www.apostadigital.com/revistav3/hemeroteca/dumont1.pdf 03/03/2026 Artículo Electrónico